Այբբենարան / (Record no. 81426)
[ view plain ]
| 000 -LEADER | |
|---|---|
| fixed length control field | 01121nam a2200241 u 4500 |
| 001 - CONTROL NUMBER | |
| control field | 000231038 |
| 003 - CONTROL NUMBER IDENTIFIER | |
| control field | AM-YeHGA |
| 005 - DATE AND TIME OF LATEST TRANSACTION | |
| control field | 20250618071552.0 |
| 008 - FIXED-LENGTH DATA ELEMENTS--GENERAL INFORMATION | |
| fixed length control field | 030603s1946 ai r 000 0 arm d |
| 040 ## - CATALOGING SOURCE | |
| Original cataloging agency | AM-YeHGA |
| 090 ## - LOCALLY ASSIGNED LC-TYPE CALL NUMBER (OCLC); LOCAL CALL NUMBER (RLIN) | |
| -- | 82694 |
| 100 1# - MAIN ENTRY--PERSONAL NAME | |
| Personal name | Հայրապետյան, Հայրապետ Սարդարի, |
| Dates associated with a name | 1874-1962 |
| 9 (RLIN) | 1697 |
| 245 10 - TITLE STATEMENT | |
| Title | Այբբենարան / |
| Statement of responsibility, etc. | Հ. Հայրապետյան, Ավ. Ճուղուրյան; Պատ. խմբ.` Աբգ. Մովսիսյան; Նկ.` Ստ. Ալթունյան, Գ. Բրուտյան. |
| 250 ## - EDITION STATEMENT | |
| Edition statement | 2-րդ հրատ., բարեփոխ. |
| 260 ## - PUBLICATION, DISTRIBUTION, ETC. | |
| Place of publication, distribution, etc. | Երևան : |
| Name of publisher, distributor, etc. | Հայպետհրատ, |
| Date of publication, distribution, etc. | 1946. |
| 300 ## - PHYSICAL DESCRIPTION | |
| Extent | 96 էջ : |
| Other physical details | նկ. ; |
| Dimensions | 26 սմ. |
| Accompanying material | ներդիր. |
| 650 14 - SUBJECT ADDED ENTRY--TOPICAL TERM | |
| Topical term or geographic name entry element | Հայոց լեզու |
| 650 14 - SUBJECT ADDED ENTRY--TOPICAL TERM | |
| Topical term or geographic name entry element | Այբբենարան |
| 9 (RLIN) | 5304 |
| 700 1# - ADDED ENTRY--PERSONAL NAME | |
| Personal name | Ճուղուրյան, Ավետիս Սմբատի, |
| Dates associated with a name | 1898-1981 |
| 700 1# - ADDED ENTRY--PERSONAL NAME | |
| Personal name | Մովսիսյան, Աբգար Խաչատուրի, |
| Dates associated with a name | 1905-1967 |
| Relator term | պատ. խմբ. |
| Relationship | edt |
| 9 (RLIN) | 1348 |
| 700 1# - ADDED ENTRY--PERSONAL NAME | |
| Personal name | Ալթունյան, Ստեփան, |
| Titles and other words associated with a name | նկարիչ, |
| Dates associated with a name | 1893-1945 |
| Relator term | նկ. |
| Relationship | art |
| 9 (RLIN) | 2503 |
| 700 1# - ADDED ENTRY--PERSONAL NAME | |
| Personal name | Բրուտյան, Գևորգ Արշակի, |
| Dates associated with a name | 1888-1952 |
| Relator term | նկ. |
| Relationship | art |
| Withdrawn status | Lost status | Damaged status | Not for loan | Collection | Home library | Current library | Date acquired | Total checkouts | Full call number | Barcode | Date last seen | Price effective from | Koha item type | Public note |
|---|---|---|---|---|---|---|---|---|---|---|---|---|---|---|
| General | Fundamental Scientific Library | Fundamental Scientific Library | 22/12/2016 | AIII/850 | FL0053585 | 22/12/2016 | 22/12/2016 | Գրքեր / Books | 30 Days Loan |
ՀՀ Գիտությունների ազգային ակադեմիայի հիմնարար գիտական գրադարան = Fundamental Scientific Library of NAS RA
All site content, except where otherwise noted, is licensed under a